MARC details
| 000 -BAŞLIK |
| Sabit Uzunlukta Kontrol Alanı |
01445na a2200361 4500 |
| 999 ## - SİSTEM KONTROL NUMARALARI (KOHA) |
| Koha Biblionumber |
5998 |
| Koha Biblioitemnumber |
5998 |
| 001 - KONTROL NUMARASI |
| Denetim Alanı |
21001 |
| 003 - KONTROL NUMARASI IDENTIFIER |
| Denetim Alanı |
MIRAKIL |
| 005 - SON İŞLEM TARİHİ VE ZAMANI |
| Denetim Alanı |
20200305111103.0 |
| 008 - SABİT-BOY VERİ ELEMANLARI - GENEL BİLGİLER |
| Sabit Uzunlukta Kontrol Alanı |
170130b tu 000 0 |
| 035 ## - SİSTEM KONTROL NUMARASI |
| Sistem Kontrol Numarası |
21001 |
| 040 ## - KATALOGLAMA KAYNAK |
| Orijinal Kataloglama Ajansı |
TR-AnCHP |
| Kataloglama Dili |
tur |
| Metne Dönüştürmek Ajansı |
TR-AnCHP |
| 041 ## - DİL KODU |
| Metin / Ses Parça Veya Ayrı Başlığın Dil Kodu |
tur |
| 082 ## - DEWEY ONLU SINIFLANDIRMA NUMARASI |
| Sınıflandırma Numarası |
CHP 347.04 |
| Ürün Numarası |
Ö93 2012 |
| 090 ## - SINIFLAMA NUMARASI |
| Sınıflama Numarası |
BROŞÜR 254 |
| 245 ## - BAŞLIK TABLOSU |
| Başlık |
Özel yetkili mahkemeler: |
| Başlığın Kalan |
Bölge Ağır Ceza Mahkemeleri, |
| -- |
Ne değişti, ne değişmedi?/ |
| Sorumluluk Tablosu, Vb |
[hazırlayan] CHP. |
| 246 ## - UNVAN FORM VARYING |
| Başlık Doğru / Kısa Başlığı |
Bölge Ağır Ceza Mahkemeleri |
| 246 ## - UNVAN FORM VARYING |
| Başlık Doğru / Kısa Başlığı |
Ne değişti, ne değişmedi? |
| 260 ## - YAYIN, DAĞITIM, VB |
| Yayın, Dağıtım, Vb Yeri |
Ankara: |
| Yayıncı, Dağıtıcı, Vs Adı |
CHP, |
| Yayın, Dağıtım, Vb Tarihi |
Eylül 2012. |
| 300 ## - FİZİKSEL TANIM |
| Kapsam |
13 s.: |
| Diğer Fiziksel Ayrıntıları |
rnk. res., |
| Boyutlar |
21 sm. |
| 440 ## - SERİSİ TABLOSU / KATMA GİRİŞİ - BAŞLIK |
| Başlık |
Cumhuriyet Halk Partisi yayınları |
| Hacim / Ardışık Tanımı |
Raporlar |
| 505 ## - BİÇİMLENDİRİLDİ İÇİNDEKİLER NOT |
| Biçimlendirilmiş İçeriği Dikkat |
Öze etkili mahkemeler nedir? - ÖYMlere ilişkin veriler - Teme değerlendirme - özel Yetkili Mahkemelerde görülen ortak kanun ihlalleri - Tabela değişti, ÖYM kaldı! 7 soruda ÖYM değişikliği |
| 650 ## - KONU KATMA GİRİŞ - TOPİKAL DÖNEM |
| Topikal Süreli Veya Coğrafi Ad Giriş Elemanı |
Ceza hukuku |
| Coğrafi Alt Bölümü |
Türkiye |
| 650 ## - KONU KATMA GİRİŞ - TOPİKAL DÖNEM |
| Topikal Süreli Veya Coğrafi Ad Giriş Elemanı |
Özel yetkili mahkemeler (ÖYM) |
| Coğrafi Alt Bölümü |
Türkiye |
| 650 ## - KONU KATMA GİRİŞ - TOPİKAL DÖNEM |
| Topikal Süreli Veya Coğrafi Ad Giriş Elemanı |
Mahkemeler |
| Coğrafi Alt Bölümü |
Türkiye |
| 740 ## - KATMA GİRİŞ - KONTROLSUZ İLGİLİ / ANALİTİK BAŞLIK |
| Kontrol Edilmeyen / İlgili Analitik Başlıktaki |
Tabela değişti, ÖYM kaldı! 7 soruda ÖYM değişikliği |
| 740 ## - KATMA GİRİŞ - KONTROLSUZ İLGİLİ / ANALİTİK BAŞLIK |
| Kontrol Edilmeyen / İlgili Analitik Başlıktaki |
Öze etkili mahkemeler nedir? |
| 740 ## - KATMA GİRİŞ - KONTROLSUZ İLGİLİ / ANALİTİK BAŞLIK |
| Kontrol Edilmeyen / İlgili Analitik Başlıktaki |
Özel Yetkili Mahkemelerde görülen ortak kanun ihlalleri |
| 830 ## - SERİSİ EKLENDİ GİRİŞ - ÜNİFORM ADI |
| Üniforma Başlık |
CHP raporları |
| 856 ## - ELEKTRONİK YER VE ERİŞİM |
| Kamu Notu |
Dijital Nüshası için Partimizin Kütüphane Sorumlusu ile iletişime geçiniz. |
| 942 ## - EKLENDİ GİRİŞ ELEMANLARI (KOHA) |
| Sınıflandırma Veya Raf Düzeni Kaynak |
Dewey Decimal Classification |
| Koha Öğesi Türü |
Visual Material |
| 999 ## - SİSTEM KONTROL NUMARALARI (KOHA) |
| Koha Biblioitemnumber |
5998 |